00291nam a2200121Ia 4500008004100000082001400041100002000055245003200075250000800107260002400115300001000139650002000149150201s2010 xx 000 0 und d a617bC10B aBHAT, M. SRIRAM aCLINICAL METHODS IN SURGERY a1ST bJAYPEEaDELHIc2010 a1-718 aGENERAL SURGERY